[Event "MCRE_PF16"]
[Site "?"]
[Date "2004.??.??"]
[Round "?"]
[White "Houska, Jiri"]
[Black "Postl, Rostislav"]
[Result "1/2-1/2"]
[WhiteElo "2200"]
[BlackElo "2297"]
[PlyCount "130"]
[EventDate "2004.??.??"]
[EventType "corr"]
[EventRounds "2"]
[SourceDate "2005.03.12"]

1. e4 e5 2. Nf3 Nc6 3. Bb5 a6 4. Bxc6 dxc6 5. O-O f6 6. d4 Bg4 7. dxe5 Qxd1 8.
Rxd1 fxe5 9. Nbd2 O-O-O 10. Re1 Bd6 11. h3 Bh5 12. Nh4 Nf6 13. Nf5 Bf8 14. g4
Bf7 15. Nf3 Nd7 16. Bd2 g6 17. Nh6 Be6 18. Be3 Re8 19. Kg2 Bg7 20. Rad1 Nb8 21.
b3 c5 22. c3 c4 23. b4 Rhf8 24. a4 Bd7 25. a5 Bc6 26. Nd2 Rd8 27. g5 Rd3 28.
Rc1 Bxh6 29. gxh6 Nd7 30. f3 Bb5 31. Kf2 Nf6 32. Ke2 Nh5 33. Rg1 Kd7 34. h4 Ke6
35. Rg4 b6 36. axb6 cxb6 37. Bxb6 Nf4+ 38. Rxf4 Rxf4 39. Bf2 Rf8 40. Rc2 Rf4
41. Rc1 Kd6 42. Rc2 Rf6 43. Be3 Kc7 44. Bf2 Kd6 45. Be3 Kc7 46. Bf2 Kd7 47. Be3
Ke6 48. Bf2 Rf8 49. Be3 Kd7 50. Bf2 Ra8 51. Nb1 a5 52. Ra2 a4 53. Ra3 Rf8 54.
Be3 Kc8 55. Nd2 Rfd8 56. Bg5 R8d6 57. Be3 Kd7 58. Bg5 Kc7 59. Be3 Kb7 60. Bg5
Ra6 61. Be3 Rd7 62. Bf2 Rad6 63. Be3 Rf6 64. Bg5 Rff7 65. Be3 Rf8 1/2-1/2

[Event "MCRE_PF16"]
[Site "?"]
[Date "2004.??.??"]
[Round "?"]
[White "Houska, Jiri"]
[Black "Svrsek, Radomir"]
[Result "1/2-1/2"]
[WhiteElo "2200"]
[BlackElo "2190"]
[PlyCount "157"]
[EventDate "2004.??.??"]
[EventType "corr"]
[EventRounds "2"]
[SourceDate "2005.03.12"]

1. e4 c6 2. d4 d5 3. exd5 cxd5 4. c4 Nf6 5. Nc3 e6 6. Nf3 Bb4 7. cxd5 Nxd5 8.
Qc2 Nc6 9. Bd3 Nxc3 10. bxc3 Nxd4 11. Nxd4 Qxd4 12. O-O Qxc3 13. Bb5+ Kf8 14.
Qe4 a6 15. Rb1 f5 16. Qf4 Be7 17. Bb2 e5 18. Qa4 Qc5 19. Rfd1 Qxb5 20. Rd8+
Bxd8 21. Ba3+ Kf7 22. Rxb5 axb5 23. Qxa8 Bf6 24. Qa5 Rd8 25. Kf1 Be6 26. Qxb5
Bd5 27. Bb2 g5 28. a4 h5 29. a5 Ke6 30. Qb6+ Bc6 31. a6 Rd1+ 32. Ke2 Rd6 33.
Qb3+ Bd5 34. axb7 Bxb3 35. b8=Q Bc4+ 36. Ke1 Rd8 37. Qb6+ Rd6 38. Qc7 Bd5 39.
Qc8+ Rd7 40. Qg8+ Rf7 41. Ba3 Kd7 42. Qb8 Be7 43. Qb5+ Ke6 44. Bxe7 Rxe7 45.
Qb6+ Kf7 46. Qh6 g4 47. Qxh5+ Kf6 48. Qh6+ Kf7 49. Qg5 Be6 50. h4 gxh3 51. gxh3
Re8 52. Qh5+ Ke7 53. Qh7+ Kf6 54. h4 Rg8 55. h5 f4 56. h6 Bd5 57. Kd2 Be6 58.
Kc3 Rc8+ 59. Kb4 Rb8+ 60. Kc5 Rc8+ 61. Kd6 Rd8+ 62. Kc6 Rc8+ 63. Kb7 Rg8 64. f3
Bd5+ 65. Kb6 Bf7 66. Kc5 Rc8+ 67. Kd6 Rd8+ 68. Kc7 Rg8 69. Qb1 Rh8 70. Qb6+ Kf5
71. Qc6 Bg6 72. Kd6 Kg5 73. Qc7 Kxh6 74. Kxe5 Rf8 75. Qb6 Kg5 76. Qg1+ Kh6 77.
Qg4 Rf5+ 78. Ke6 Kh7 79. Qh4+ 1/2-1/2

[Event "MCRE_PF16"]
[Site "?"]
[Date "2004.??.??"]
[Round "?"]
[White "Houska, Jiri"]
[Black "Valak, Alois"]
[Result "1/2-1/2"]
[WhiteElo "2200"]
[BlackElo "2251"]
[PlyCount "65"]
[EventDate "2004.??.??"]
[EventType "corr"]
[EventRounds "2"]
[SourceDate "2005.03.12"]

1. e4 e5 2. Nf3 Nc6 3. Bb5 a6 4. Bxc6 dxc6 5. O-O f6 6. d4 exd4 7. Nxd4 c5 8.
Ne2 Qxd1 9. Rxd1 Bd7 10. Be3 O-O-O 11. Nbc3 Bd6 12. Bf4 Be6 13. Rd2 Ne7 14.
Rad1 Bxf4 15. Nxf4 Bf7 16. f3 Rxd2 17. Rxd2 Rd8 18. Rxd8+ Kxd8 19. Kf2 Nc6 20.
Ke3 Kd7 21. a3 Nd4 22. Kd2 Kd6 23. Nce2 g5 24. Nd3 Be6 25. c3 Nb3+ 26. Ke3 c4
27. Nf2 Nc5 28. g3 Na4 29. Nd1 h5 30. h4 b5 31. f4 g4 32. f5 Bg8 33. Kf4
1/2-1/2

[Event "MCRE_PF16"]
[Site "?"]
[Date "2004.??.??"]
[Round "?"]
[White "Lasek, Milos"]
[Black "Blazek, Jaroslav"]
[Result "1-0"]
[WhiteElo "2280"]
[BlackElo "2205"]
[PlyCount "91"]
[EventDate "2004.??.??"]
[EventType "corr"]
[EventRounds "2"]
[SourceDate "2005.03.12"]

1. e4 c5 2. Nf3 d6 3. d4 cxd4 4. Nxd4 Nf6 5. Nc3 g6 6. Be3 Bg7 7. f3 O-O 8. Qd2
Nc6 9. O-O-O a5 10. g4 Nd7 11. h4 a4 12. h5 Nxd4 13. Bxd4 Bxd4 14. Qxd4 g5 15.
Qd2 f6 16. a3 Ne5 17. f4 gxf4 18. Qxf4 Kh8 19. Rg1 Bd7 20. g5 fxg5 21. Qxg5 Rg8
22. Qe3 Rxg1 23. Qxg1 Bg4 24. Be2 Bxe2 25. Nxe2 Qg8 26. Qb6 Rb8 27. Qa7 Nc6 28.
Qxa4 b5 29. Qa6 Qe8 30. Nc3 b4 31. axb4 Nxb4 32. Qa5 Qf8 33. Qa7 Nc6 34. Qe3
Ne5 35. b3 Ra8 36. Kb1 Qe8 37. Qg5 Nf3 38. Qf5 Ne5 39. Rg1 Qd8 40. Qg5 Qf8 41.
h6 Ng6 42. Nd5 Qf2 43. Qe3 Qf7 44. Qd4+ e5 45. Qb6 Qf8 46. Qb7 1-0

[Event "MCRE_PF16"]
[Site "?"]
[Date "2004.??.??"]
[Round "?"]
[White "Lasek, Milos"]
[Black "Doubek, Svatopluk"]
[Result "1-0"]
[WhiteElo "2280"]
[BlackElo "2264"]
[PlyCount "102"]
[EventDate "2004.??.??"]
[EventType "corr"]
[EventRounds "2"]
[SourceDate "2005.03.12"]

1. e4 e5 2. Nf3 Nc6 3. Bb5 a6 4. Ba4 Nf6 5. O-O Be7 6. Re1 b5 7. Bb3 d6 8. c3
O-O 9. h3 Na5 10. Bc2 c5 11. d4 cxd4 12. cxd4 Bb7 13. Nbd2 Rc8 14. d5 Qc7 15.
Bd3 Nd7 16. Nf1 f5 17. Ng3 f4 18. Nf5 Bd8 19. b3 Rxf5 20. exf5 Bxd5 21. Ba3 Nf6
22. Rc1 Nc6 23. Nh2 h5 24. Be2 Qf7 25. Bxd6 Qd7 26. Ba3 Ba5 27. Rf1 Qxf5 28.
Bxh5 Qxh5 29. Ng4 Bf7 30. Nxf6+ gxf6 31. Qd6 b4 32. Rxc6 Rxc6 33. Qxc6 bxa3 34.
Qxa6 Bb4 35. Qxf6 Bf8 36. Re1 Bg7 37. Qe7 Qg6 38. Rd1 f3 39. g3 Kh7 40. Qxa3
Qc2 41. Qd6 Qe2 42. Rc1 e4 43. Qe7 Bg6 44. Qg5 Bf7 45. Qf4 Be6 46. h4 Bd4 47.
Rc7+ Bg7 48. Qc1 Kg8 49. Rc2 Qb5 50. Qf4 Qe5 51. Qxe5 Bxe5 1-0

[Event "MCRE_PF16"]
[Site "?"]
[Date "2004.??.??"]
[Round "?"]
[White "Lasek, Milos"]
[Black "Havlik, Lumir"]
[Result "1-0"]
[WhiteElo "2280"]
[BlackElo "2081"]
[PlyCount "67"]
[EventDate "2004.??.??"]
[EventType "corr"]
[EventRounds "2"]
[SourceDate "2005.03.12"]

1. e4 e5 2. Nf3 Nc6 3. Bb5 a6 4. Ba4 Nf6 5. O-O Be7 6. Re1 b5 7. Bb3 d6 8. c3
O-O 9. h3 Na5 10. Bc2 c5 11. d4 cxd4 12. cxd4 Bb7 13. Nbd2 Rc8 14. d5 Qc7 15.
Bd3 Nd7 16. Nf1 f5 17. Ng3 f4 18. Nf5 Bd8 19. b3 g6 20. Nh6+ Kg7 21. Ng4 h5 22.
Ngh2 Nc5 23. Bf1 b4 24. Bb2 Rf7 25. Nd2 Bh4 26. Nhf3 Bxf2+ 27. Kxf2 Qb6 28. Nd4
Kh6 29. Kg1 Nd7 30. N2f3 Nc5 31. Kh2 exd4 32. Qxd4 Nd7 33. Qxb6 Nxb6 34. Bc1
1-0

[Event "MCRE_PF16"]
[Site "?"]
[Date "2004.??.??"]
[Round "?"]
[White "Lasek, Milos"]
[Black "Houska, Jiri"]
[Result "1-0"]
[WhiteElo "2280"]
[BlackElo "2200"]
[PlyCount "79"]
[EventDate "2004.??.??"]
[EventType "corr"]
[EventRounds "2"]
[SourceDate "2005.03.12"]

1. e4 c5 2. Nf3 d6 3. d4 cxd4 4. Nxd4 Nf6 5. Nc3 a6 6. Be3 e6 7. f3 b5 8. g4
Bb7 9. Qd2 Nfd7 10. O-O-O Nb6 11. Nb3 N8d7 12. Na5 Rb8 13. Bf4 Nc8 14. Nxb7
Rxb7 15. h4 Be7 16. Kb1 O-O 17. g5 Ne5 18. Bg3 Qa5 19. Bxe5 dxe5 20. Nd5 Qd8
21. Nxe7+ Qxe7 22. h5 Nb6 23. g6 Rd7 24. Bd3 Nc4 25. Qh2 Rfd8 26. Rdg1 Qf6 27.
Qe2 fxg6 28. hxg6 h6 29. Bxc4 Rd2 30. Qf1 Rd1+ 31. Qxd1 Rxd1+ 32. Rxd1 bxc4 33.
Rhg1 Qe7 34. Rd2 Kf8 35. Rgd1 Qg5 36. Rd7 Qxg6 37. Rd8+ Ke7 38. R1d7+ Kf6 39.
Rf8+ Kg5 40. Rd1 1-0

[Event "MCRE_PF16"]
[Site "?"]
[Date "2004.??.??"]
[Round "?"]
[White "Lasek, Milos"]
[Black "Postl, Rostislav"]
[Result "1/2-1/2"]
[WhiteElo "2280"]
[BlackElo "2297"]
[PlyCount "60"]
[EventDate "2004.??.??"]
[EventType "corr"]
[EventRounds "2"]
[SourceDate "2005.03.12"]

1. e4 c5 2. Nf3 Nc6 3. d4 cxd4 4. Nxd4 Nf6 5. Nc3 e5 6. Ndb5 d6 7. Nd5 Nxd5 8.
exd5 Ne7 9. c4 Nf5 10. Be2 Be7 11. O-O O-O 12. b4 Bd7 13. a4 a6 14. Nc3 Rc8 15.
a5 b5 16. axb6 Qxb6 17. Rb1 Qd4 18. Qd3 Qh4 19. Be3 Nxe3 20. Qxe3 Rb8 21. g3
Qh3 22. f4 Qh6 23. Qa7 exf4 24. Qxd7 fxg3 25. hxg3 Qe3+ 26. Rf2 Bf6 27. Nd1
Qxg3+ 28. Kf1 Bd4 29. Qf5 Bxf2 30. Nxf2 Rfe8 1/2-1/2

[Event "MCRE_PF16"]
[Site "?"]
[Date "2004.??.??"]
[Round "?"]
[White "Lasek, Milos"]
[Black "Svrsek, Radomir"]
[Result "1/2-1/2"]
[WhiteElo "2280"]
[BlackElo "2190"]
[PlyCount "103"]
[EventDate "2004.??.??"]
[EventType "corr"]
[EventRounds "2"]
[SourceDate "2005.03.12"]

1. e4 e5 2. Nf3 Nc6 3. Bb5 a6 4. Ba4 Nf6 5. O-O Be7 6. Re1 b5 7. Bb3 d6 8. c3
O-O 9. h3 Na5 10. Bc2 c5 11. d4 Qc7 12. Nbd2 Rb8 13. Nf1 Nc4 14. Ng3 b4 15. b3
Nb6 16. cxb4 cxd4 17. Bd2 Nbd7 18. Bd3 Bb7 19. Qe2 Qb6 20. a4 Rfe8 21. b5 Nc5
22. a5 Qa7 23. b6 Qa8 24. b4 Nxd3 25. Qxd3 Rbc8 26. b5 Nd7 27. Bb4 Nc5 28. Bxc5
Rxc5 29. bxa6 Bxa6 30. Qd2 g6 31. Rec1 Bf6 32. Ne1 Rec8 33. Nd3 Rxc1+ 34. Rxc1
Rxc1+ 35. Nxc1 h5 36. f3 Qc6 37. Nd3 Qb5 38. Kh2 Bd8 39. Nc1 d5 40. exd5 Qxd5
41. Ne4 Be7 42. Nd3 Kg7 43. Nb4 Qxa5 44. Nxa6 Qxb6 45. Qd3 f5 46. Nd2 Kh6 47.
Qc4 Qd6 48. Kh1 Bg5 49. Qd3 Be3 50. Nf1 e4 51. fxe4 fxe4 52. Qxe4 1/2-1/2

[Event "MCRE_PF16"]
[Site "?"]
[Date "2004.??.??"]
[Round "?"]
[White "Lasek, Milos"]
[Black "Valak, Alois"]
[Result "0-1"]
[WhiteElo "2280"]
[BlackElo "2251"]
[PlyCount "52"]
[EventDate "2004.??.??"]
[EventType "corr"]
[EventRounds "2"]
[SourceDate "2005.03.12"]

1. e4 c5 2. Nf3 e6 3. d4 cxd4 4. Nxd4 a6 5. c4 Nf6 6. Nc3 Qc7 7. Nc2 d6 8. Be3
b6 9. Be2 Bb7 10. f3 Nbd7 11. Qd2 Be7 12. O-O O-O 13. Rfd1 Rac8 14. Rac1 Rfe8
15. Bf1 Ne5 16. Na4 Nfd7 17. b4 Bc6 18. Nb2 Red8 19. Qf2 Rb8 20. Nd4 Ba8 21.
Nd3 Nxd3 22. Bxd3 Ne5 23. Bf1 Bf6 24. a4 h6 25. Qg3 Kh8 26. Be2 Kh7 0-1

[Event "MCRE_PF16"]
[Site "?"]
[Date "2004.??.??"]
[Round "?"]
[White "Postl, Rostislav"]
[Black "Blazek, Jaroslav"]
[Result "1-0"]
[WhiteElo "2297"]
[BlackElo "2205"]
[PlyCount "89"]
[EventDate "2004.??.??"]
[EventType "corr"]
[EventRounds "2"]
[SourceDate "2005.03.12"]

1. d4 Nf6 2. c4 e5 3. dxe5 Ng4 4. Bf4 Nc6 5. Nf3 Bb4+ 6. Nc3 Bxc3+ 7. bxc3 Qe7
8. Qd5 f6 9. exf6 Nxf6 10. Qd3 d6 11. g3 b6 12. Bg2 Bb7 13. O-O Na5 14. Nd2
Bxg2 15. Kxg2 O-O 16. f3 Nc6 17. e4 Rad8 18. Bg5 Ne5 19. Qd4 Ned7 20. Rae1 Qe8
21. f4 Nc5 22. Nf3 c6 23. Kg1 Qh5 24. Bxf6 Rxf6 25. e5 Re6 26. f5 Qxf5 27. Qh4
Ree8 28. Nd4 g5 29. Nxf5 gxh4 30. Nh6+ Kg7 31. Nf7 Rd7 32. Nxd6 Re6 33. Nf5+
Kg8 34. Nd4 Re8 35. gxh4 Rde7 36. Nxc6 Re6 37. Nxa7 Nd3 38. Re3 Nxe5 39. c5
bxc5 40. Nb5 Nc4 41. Rg3+ Kh8 42. Nc7 Nd2 43. Nxe8 Nxf1 44. Kxf1 Rxe8 45. Rg4
1-0

[Event "MCRE_PF16"]
[Site "?"]
[Date "2004.??.??"]
[Round "?"]
[White "Postl, Rostislav"]
[Black "Doubek, Svatopluk"]
[Result "1/2-1/2"]
[WhiteElo "2297"]
[BlackElo "2264"]
[PlyCount "78"]
[EventDate "2004.??.??"]
[EventType "corr"]
[EventRounds "2"]
[SourceDate "2005.03.12"]

1. d4 d5 2. c4 c6 3. Nf3 Nf6 4. Nc3 e6 5. e3 Nbd7 6. Bd3 dxc4 7. Bxc4 b5 8. Bd3
Bb7 9. O-O a6 10. e4 c5 11. d5 Qc7 12. dxe6 fxe6 13. Ng5 Qc6 14. Qe2 c4 15. Bc2
Bc5 16. Qf3 O-O 17. Qh3 e5 18. Ne6 Rfe8 19. Nxc5 Nxc5 20. Rd1 Ncxe4 21. Nxe4
Nxe4 22. Be3 Nf6 23. Re1 Rad8 24. Rad1 Rxd1 25. Rxd1 a5 26. Bg5 e4 27. Rd4 Nd5
28. Rxe4 Rxe4 29. Bxe4 h6 30. Bd2 Nf4 31. Bxc6 Nxh3+ 32. gxh3 Bxc6 33. Bxa5 Bf3
34. Kf1 Kf7 35. Ke1 Ke6 36. Kd2 Kd5 37. Kc3 h5 38. Kb4 Be2 39. Bd8 Bd3 1/2-1/2

[Event "MCRE_PF16"]
[Site "?"]
[Date "2004.??.??"]
[Round "?"]
[White "Postl, Rostislav"]
[Black "Havlik, Lumir"]
[Result "1/2-1/2"]
[WhiteElo "2297"]
[BlackElo "2081"]
[PlyCount "85"]
[EventDate "2004.??.??"]
[EventType "corr"]
[EventRounds "2"]
[SourceDate "2005.03.12"]

1. d4 d5 2. c4 c6 3. Nf3 Nf6 4. Nc3 e6 5. e3 Nbd7 6. Bd3 Bd6 7. O-O O-O 8. Qc2
dxc4 9. Bxc4 a6 10. Rd1 b5 11. Be2 Qc7 12. e4 e5 13. g3 Re8 14. a3 exd4 15.
Nxd4 Be5 16. Bf3 Nb6 17. Nf5 Be6 18. Ne2 Rac8 19. Rb1 h6 20. Ned4 Bd7 21. Bxh6
gxh6 22. Nxh6+ Kg7 23. Ndf5+ Bxf5 24. Nxf5+ Kh8 25. b3 c5 26. Bg2 c4 27. f4
cxb3 28. Qxb3 Bc3 29. Nd6 Ng4 30. h3 Qc5+ 31. Kh1 Nf2+ 32. Kh2 Nxd1 33. Rxd1
Re7 34. e5 Kg8 35. Rd3 Bxe5 36. Nxc8 Qxc8 37. fxe5 Nc4 38. Qc3 Qc7 39. Qd4 Nxe5
40. Rc3 Qd7 41. Qf4 Ng6 42. Qf2 Re6 43. Qf5 1/2-1/2

[Event "MCRE_PF16"]
[Site "?"]
[Date "2004.??.??"]
[Round "?"]
[White "Postl, Rostislav"]
[Black "Houska, Jiri"]
[Result "1/2-1/2"]
[WhiteElo "2297"]
[BlackElo "2200"]
[PlyCount "126"]
[EventDate "2004.??.??"]
[EventType "corr"]
[EventRounds "2"]
[SourceDate "2005.03.12"]

1. d4 Nf6 2. c4 g6 3. Nc3 d5 4. cxd5 Nxd5 5. e4 Nxc3 6. bxc3 Bg7 7. Nf3 O-O 8.
Be2 c5 9. Rb1 b6 10. O-O Bb7 11. Qd3 e6 12. Bg5 Qd6 13. Qe3 Rc8 14. Rfd1 cxd4
15. cxd4 Nd7 16. Bb5 Nf8 17. Ba4 f5 18. Bf4 Qd8 19. Ng5 fxe4 20. Nxe4 Qd5 21.
f3 Qa5 22. Bb3 Bd5 23. Bh6 Bxb3 24. axb3 Qd5 25. Bxg7 Kxg7 26. Nc3 Qd6 27. Rbc1
a5 28. Re1 Rc6 29. Ne4 Qd7 30. Rxc6 Qxc6 31. Rc1 Qd7 32. Qc3 Kf7 33. Rd1 b5 34.
Qe3 Rd8 35. d5 exd5 36. Qf4+ Kg7 37. Qe5+ Kf7 38. Rc1 Ne6 39. Ng5+ Nxg5 40. Rc7
Ne6 41. Rxd7+ Rxd7 42. Qb8 Nc7 43. Qa7 a4 44. bxa4 d4 45. Kf1 d3 46. Ke1 d2+
47. Kd1 bxa4 48. Qxa4 Ke8 49. Qa1 Ne6 50. Qf6 Nf8 51. g4 Rd8 52. f4 Rd7 53. f5
gxf5 54. Qxf5 Rd8 55. Qe5+ Kf7 56. Qf4+ Ke7 57. h4 Rd7 58. g5 Rd8 59. Qf6+ Ke8
60. h5 Rd7 61. g6 hxg6 62. hxg6 Nxg6 63. Qxg6+ Ke7 1/2-1/2

[Event "MCRE_PF16"]
[Site "?"]
[Date "2004.??.??"]
[Round "?"]
[White "Postl, Rostislav"]
[Black "Lasek, Milos"]
[Result "1/2-1/2"]
[WhiteElo "2297"]
[BlackElo "2280"]
[PlyCount "61"]
[EventDate "2004.??.??"]
[EventType "corr"]
[EventRounds "2"]
[SourceDate "2005.03.12"]

1. d4 d5 2. c4 e6 3. Nc3 Nf6 4. Nf3 Be7 5. Bg5 h6 6. Bh4 O-O 7. e3 b6 8. Bd3
Bb7 9. Bxf6 Bxf6 10. cxd5 exd5 11. Rc1 c5 12. O-O cxd4 13. Nxd4 Nc6 14. Nxc6
Bxc6 15. Bb1 g6 16. Qb3 Rc8 17. Rcd1 Bxc3 18. bxc3 Qe7 19. Rd4 Bd7 20. Qb2 Rc5
21. Bc2 Be6 22. Bb3 Rfc8 23. Rc1 Qc7 24. Rcd1 Rxc3 25. Bxd5 Bxd5 26. Rxd5 Rc1
27. Rd8+ Qxd8 28. Rxc1 Rxc1+ 29. Qxc1 Qd5 30. Qc2 b5 31. Kf1 1/2-1/2

[Event "MCRE_PF16"]
[Site "?"]
[Date "2004.??.??"]
[Round "?"]
[White "Postl, Rostislav"]
[Black "Svrsek, Radomir"]
[Result "1/2-1/2"]
[WhiteElo "2297"]
[BlackElo "2190"]
[PlyCount "71"]
[EventDate "2004.??.??"]
[EventType "corr"]
[EventRounds "2"]
[SourceDate "2005.03.12"]

1. d4 Nf6 2. c4 e6 3. Nf3 d5 4. Nc3 c6 5. e3 Nbd7 6. Bd3 Bd6 7. O-O O-O 8. Qc2
dxc4 9. Bxc4 Qe7 10. Bd2 e5 11. Ng5 h6 12. Nge4 exd4 13. exd4 Bc7 14. Rfe1 Nb6
15. Bd3 Rd8 16. a4 Be6 17. Nc5 Qd6 18. g3 Qxd4 19. N3e4 Nxe4 20. Rxe4 Bb3 21.
Qc1 Qf6 22. Bc3 Qg5 23. Bd2 Qf6 24. Bc3 Qg5 25. Qxg5 hxg5 26. a5 Nd5 27. Bd2
Nf6 28. Rb4 Bd6 29. Rxb3 Bxc5 30. Bxg5 Rd6 31. Bc2 Re6 32. h4 Re2 33. Rc1 Rxf2
34. Bh7+ Nxh7 35. Rxc5 Nxg5 36. Rxg5 1/2-1/2

[Event "MCRE_PF16"]
[Site "?"]
[Date "2004.??.??"]
[Round "?"]
[White "Postl, Rostislav"]
[Black "Valak, Alois"]
[Result "1/2-1/2"]
[WhiteElo "2297"]
[BlackElo "2251"]
[PlyCount "163"]
[EventDate "2004.??.??"]
[EventType "corr"]
[EventRounds "2"]
[SourceDate "2005.03.12"]

1. d4 Nf6 2. c4 e6 3. Nf3 b6 4. g3 Ba6 5. b3 Bb4+ 6. Bd2 Be7 7. Bg2 c6 8. Bc3
d5 9. Nbd2 Nbd7 10. O-O O-O 11. Re1 Bb7 12. e4 Nxe4 13. Nxe4 dxe4 14. Rxe4 c5
15. Re1 Bf6 16. Qd2 Qc7 17. Rad1 Rad8 18. Qe3 cxd4 19. Bxd4 a6 20. a3 b5 21.
Bxf6 Nxf6 22. c5 Bd5 23. b4 Qb7 24. Rd3 Ra8 25. Bf1 Be4 26. Rc3 Rfd8 27. Be2
Rac8 28. Rcc1 Qb8 29. Rcd1 Bb7 30. Bd3 Qc7 31. Be2 Qb8 32. Rxd8+ Rxd8 33. Rd1
Nd5 34. Qd2 Re8 35. Qc2 h6 36. Nd4 Ba8 37. Bf3 Qc7 38. Qd3 Qe5 39. Bh1 Rd8 40.
Bg2 Qc7 41. Nb3 Rd7 42. Qc2 Rd8 43. Na5 Rc8 44. Qd2 Qe5 45. Rc1 Rd8 46. c6 Rc8
47. Bf3 Kh7 48. Rc5 g6 49. Qd1 h5 50. h4 Rd8 51. Bg2 Kg7 52. Bh1 Kh7 53. Bf3
Rc8 54. Bg2 Rd8 55. a4 Qb2 56. Bxd5 Qxb4 57. c7 Rc8 58. Bxe6 fxe6 59. Nc6 Bxc6
60. Rxc6 Qe7 61. a5 Rxc7 62. Rxa6 Qc5 63. Qe2 Rf7 64. Rxe6 b4 65. a6 b3 66. Qe3
Qc4 67. Rb6 b2 68. Qe8 Rg7 69. Kg2 Qd5+ 70. Kh2 Qd4 71. Qe3 Qxe3 72. fxe3 Ra7
73. Kg2 Rxa6 74. Rxb2 Kg7 75. e4 Ra3 76. Rb7+ Kf6 77. Rb6+ Kg7 78. Kf2 Kf7 79.
Rd6 Rc3 80. Ra6 Rb3 81. Rd6 Kg7 82. Ra6 1/2-1/2

[Event "MCRE_PF16"]
[Site "?"]
[Date "2004.??.??"]
[Round "?"]
[White "Svrsek, Radomir"]
[Black "Blazek, Jaroslav"]
[Result "1-0"]
[WhiteElo "2190"]
[BlackElo "2205"]
[PlyCount "93"]
[EventDate "2004.??.??"]
[EventType "corr"]
[EventRounds "2"]
[SourceDate "2005.03.12"]

1. e4 c5 2. Nf3 d6 3. d4 cxd4 4. Nxd4 Nf6 5. Nc3 g6 6. Be2 Bg7 7. O-O O-O 8.
Be3 Nc6 9. Re1 Bd7 10. a3 Ne5 11. h3 Qc8 12. Nf3 Rd8 13. Nxe5 dxe5 14. Bd3 Qc7
15. Qf3 h6 16. Red1 Bc6 17. a4 b6 18. Qe2 e6 19. f3 Nh5 20. Bb5 Bxb5 21. axb5
Rxd1+ 22. Rxd1 Rd8 23. Rxd8+ Qxd8 24. Qd2 Qc7 25. b3 Bf8 26. Na4 f5 27. c4 f4
28. Bf2 Kh7 29. Kh2 Nf6 30. Qc3 Ne8 31. c5 bxc5 32. Nxc5 Bxc5 33. Qxc5 Qxc5 34.
Bxc5 Nc7 35. Bxa7 Nxb5 36. Bb8 Nd4 37. b4 g5 38. Bxe5 Nb5 39. g3 fxg3+ 40. Kxg3
Kg6 41. Kg4 Na3 42. f4 h5+ 43. Kg3 Nb5 44. fxg5 Kxg5 45. h4+ Kg6 46. Kf3 Na7
47. Kf4 1-0

[Event "MCRE_PF16"]
[Site "?"]
[Date "2004.??.??"]
[Round "?"]
[White "Svrsek, Radomir"]
[Black "Doubek, Svatopluk"]
[Result "1/2-1/2"]
[WhiteElo "2190"]
[BlackElo "2264"]
[PlyCount "86"]
[EventDate "2004.??.??"]
[EventType "corr"]
[EventRounds "2"]
[SourceDate "2005.03.12"]

1. e4 e5 2. Nf3 Nc6 3. Bc4 Nf6 4. Ng5 d5 5. exd5 Na5 6. Bb5+ c6 7. dxc6 bxc6 8.
Qf3 Rb8 9. Bxc6+ Nxc6 10. Qxc6+ Nd7 11. d3 Be7 12. Ne4 Bb7 13. Qa4 f5 14. Ng3
O-O 15. O-O Bd5 16. c4 Nc5 17. Qc2 Bc6 18. d4 exd4 19. Nxf5 Bf6 20. Qd1 Be4 21.
Ng3 Bd3 22. Re1 Bxc4 23. Nd2 Ba6 24. b3 Nd3 25. Ba3 Nxe1 26. Bxf8 Nxg2 27. Bxg7
Bxg7 28. Kxg2 Rb6 29. Kg1 Bb7 30. Nde4 Rg6 31. Qd3 Qd5 32. Re1 h5 33. h4 Bh6
34. Qc4 Qxc4 35. bxc4 d3 36. Kf1 Ba6 37. Nf5 Bxc4 38. Nxh6+ Rxh6 39. Nd2 Bf7
40. Re3 Ra6 41. Rxd3 Rxa2 42. Rd7 a5 43. Ne4 Kf8 1/2-1/2

[Event "MCRE_PF16"]
[Site "?"]
[Date "2004.??.??"]
[Round "?"]
[White "Svrsek, Radomir"]
[Black "Havlik, Lumir"]
[Result "1/2-1/2"]
[WhiteElo "2190"]
[BlackElo "2081"]
[PlyCount "113"]
[EventDate "2004.??.??"]
[EventType "corr"]
[EventRounds "2"]
[SourceDate "2005.03.12"]

1. e4 e5 2. Nf3 Nc6 3. Bc4 Bc5 4. c3 Nf6 5. d3 d6 6. O-O a6 7. a4 O-O 8. b4 Ba7
9. a5 Be6 10. Bxe6 fxe6 11. Qb3 Qd7 12. Bg5 h6 13. Bxf6 Rxf6 14. Nbd2 Ne7 15.
Rab1 c6 16. c4 Ng6 17. c5 d5 18. Rbe1 Re8 19. h3 Bb8 20. g3 Rff8 21. Rd1 Qf7
22. Ra1 Bc7 23. Qd1 Rd8 24. Qe2 Rde8 25. Nh2 Re7 26. Rae1 Rd8 27. Ng4 Rde8 28.
h4 Nf8 29. Qf3 Qg6 30. h5 Qg5 31. Ne3 Nh7 32. Qg4 Qxg4 33. Nxg4 Nf6 34. Nxf6+
gxf6 35. Nf3 Rg7 36. Re2 Rd8 37. Rb1 Kf7 38. Kg2 Rdg8 39. Rd1 Ke7 40. Nh4 Rd8
41. Ng6+ Kf7 42. Rdd2 Rgg8 43. Kf1 Rd7 44. Ke1 Rdd8 45. f4 exf4 46. gxf4 Rde8
47. e5 f5 48. d4 Rg7 49. Rg2 Reg8 50. Rg1 Ke8 51. Rdg2 Bd8 52. Kf1 Bc7 53. Ke2
Bd8 54. Kd3 Bc7 55. Rg3 Bd8 56. Ke3 Bc7 57. Kd2 1/2-1/2

[Event "MCRE_PF16"]
[Site "?"]
[Date "2004.??.??"]
[Round "?"]
[White "Svrsek, Radomir"]
[Black "Houska, Jiri"]
[Result "1/2-1/2"]
[WhiteElo "2190"]
[BlackElo "2200"]
[PlyCount "112"]
[EventDate "2004.??.??"]
[EventType "corr"]
[EventRounds "2"]
[SourceDate "2005.03.12"]

1. e4 c5 2. Nf3 d6 3. d4 cxd4 4. Nxd4 Nf6 5. Nc3 a6 6. Bg5 e6 7. Bd3 Be7 8. Be3
b5 9. a3 Bb7 10. O-O O-O 11. f4 Nbd7 12. Qf3 Rc8 13. Rad1 Nc5 14. Rc1 Re8 15.
Rfd1 Qc7 16. Bf2 Bf8 17. Re1 g6 18. b4 Ncd7 19. Nde2 Bg7 20. a4 bxa4 21. Nxa4
e5 22. f5 d5 23. Ng3 dxe4 24. Nxe4 Nxe4 25. Bxe4 Bxe4 26. Qxe4 Nf6 27. Qh4 Nd5
28. fxg6 hxg6 29. c3 Qc4 30. Re4 Qc6 31. Ra1 f5 32. Ree1 e4 33. Bd4 Bxd4+ 34.
cxd4 Nxb4 35. Nc5 Qd6 36. Red1 Rc7 37. Qe1 Rh7 38. Qxb4 Qxh2+ 39. Kf2 e3+ 40.
Ke2 Qxg2+ 41. Kd3 Rh3 42. Rg1 e2+ 43. Kc4 e1=Q 44. Rgxe1 Qc2+ 45. Kd5 Rd8+ 46.
Ke6 Rh7 47. Qb3 Qh2 48. Kf6+ Kh8 49. Ne6 Rdd7 50. Rh1 Rdf7+ 51. Kg5 Qg2+ 52.
Kf4 g5+ 53. Nxg5 Qg4+ 54. Ke5 Qe2+ 55. Kd5 Rd7+ 56. Kc5 Rc7+ 1/2-1/2

[Event "MCRE_PF16"]
[Site "?"]
[Date "2004.??.??"]
[Round "?"]
[White "Svrsek, Radomir"]
[Black "Lasek, Milos"]
[Result "1-0"]
[WhiteElo "2190"]
[BlackElo "2280"]
[PlyCount "95"]
[EventDate "2004.??.??"]
[EventType "corr"]
[EventRounds "2"]
[SourceDate "2005.03.12"]

1. e4 c5 2. Nf3 d6 3. d4 cxd4 4. Nxd4 Nf6 5. Nc3 a6 6. Be2 e6 7. O-O Be7 8. Qd3
O-O 9. Qg3 Kh8 10. Be3 e5 11. Nb3 Nxe4 12. Nxe4 f5 13. f4 Bh4 14. Qf3 fxe4 15.
Qxe4 d5 16. Qa4 e4 17. Rad1 Be7 18. c4 Bd7 19. Qa5 dxc4 20. Qxd8 Bxd8 21. Bxc4
Bb5 22. Bd5 Nc6 23. Rfe1 Bc7 24. Nd2 Bd3 25. Nxe4 Bxe4 26. Bxe4 Bxf4 27. Bb6
Rfe8 28. b3 Bg5 29. Kf1 Re6 30. Bf3 Rxe1+ 31. Kxe1 g6 32. Rd7 Ne5 33. Rxb7
Nxf3+ 34. gxf3 Kg8 35. a4 Bf4 36. h3 Bg3+ 37. Kf1 Rf8 38. Kg2 Bh4 39. Ra7 Re8
40. f4 Re2+ 41. Kf3 Rb2 42. a5 Rxb3+ 43. Ke4 Rb4+ 44. Ke5 Bg3 45. Rxa6 Rxf4 46.
Ra7 Ra4+ 47. Kd5 Ra2 48. a6 1-0

[Event "MCRE_PF16"]
[Site "?"]
[Date "2004.??.??"]
[Round "?"]
[White "Svrsek, Radomir"]
[Black "Postl, Rostislav"]
[Result "1/2-1/2"]
[WhiteElo "2190"]
[BlackElo "2297"]
[PlyCount "66"]
[EventDate "2004.??.??"]
[EventType "corr"]
[EventRounds "2"]
[SourceDate "2005.03.12"]

1. c4 e5 2. Nc3 Nf6 3. Nf3 Nc6 4. g3 Bc5 5. Bg2 d6 6. O-O O-O 7. d3 h6 8. Nd2
Bg4 9. h3 Be6 10. Nb3 Bb6 11. Nd5 Re8 12. a4 Bxd5 13. cxd5 Nb4 14. a5 Bc5 15.
e4 c6 16. dxc6 Nxc6 17. Kh2 Rc8 18. f4 b6 19. axb6 Bxb6 20. Bd2 Rc7 21. Rc1 Qe7
22. Rc4 Rec8 23. Bc3 Qd8 24. Ra4 Qd7 25. Nd2 Bc5 26. Nc4 Qe7 27. Ra6 Nd7 28.
Qd2 Rd8 29. b4 Bd4 30. Ne3 Bxc3 31. Qxc3 Rb8 32. Rc1 Rb5 33. Qd2 Nf8 1/2-1/2